Enfermedades del aparato digestivo, de la nutrición y de la sangre / (Record no. 33077)

MARC details
000 -LEADER
campo de control de longitud fija 00991nam a2200253 i 4500
001 - NÚMERO DE CONTROL
campo de control 33077
003 - IDENTIFICADOR DE NÚMERO DE CONTROL
campo de control ES-MaACL
005 - FECHA Y HORA DE LA ÚLTIMA TRANSACCIÓN
campo de control 20230906154706.0
007 - CAMPO FIJO DE DESCRIPCIÓN FÍSICA--INFORMACIÓN GENERAL
campo de control de longitud fija t|
008 - DATOS DE LONGITUD FIJA--INFORMACIÓN GENERAL
campo de control de longitud fija 170418s1911 sp ||||1| spa d
100 1# - ENTRADA PRINCIPAL--NOMBRE DE PERSONA
Nombre de persona Fleiner, Wilhelm.
9 (RLIN) 162397
245 10 - MENCIÓN DEL TÍTULO
Título Enfermedades del aparato digestivo, de la nutrición y de la sangre /
Mención de responsabilidad, etc. por los profesores Wilhelm Fleiner, H. Luthje, Erich Meyer ; traducción directa del alemán por Gonzalo García Rodríguez.
260 ## - PUBLICACIÓN, DISTRIBUCIÓN, ETC.
Lugar de publicación, distribución, etc. Madrid :
Nombre del editor, distribuidor, etc. Saturnino Calleja,
Fecha de publicación, distribución, etc. 1911.
300 ## - DESCRIPCIÓN FÍSICA
Extensión 172 p. ;
Dimensiones 24 cm.
490 1# - MENCIÓN DE SERIE
Mención de serie Anuario de ciencias médicas. Primera serie ;
Designación de volumen o secuencia 3
650 04 - PUNTO DE ACCESO ADICIONAL DE MATERIA--TÉRMINO DE MATERIA
Término de materia o nombre geográfico como elemento de entrada Aparato digestivo-
Subdivisión general Enfermedades.
9 (RLIN) 9906
650 04 - PUNTO DE ACCESO ADICIONAL DE MATERIA--TÉRMINO DE MATERIA
Término de materia o nombre geográfico como elemento de entrada Sangre-
Subdivisión general Enfermedades.
9 (RLIN) 16982
700 1# - ENTRADA AGREGADA--NOMBRE PERSONAL
Nombre de persona Lüthje, Hugo.
9 (RLIN) 162577
700 0# - ENTRADA AGREGADA--NOMBRE PERSONAL
Nombre de persona Meyer, Erich.
9 (RLIN) 80784
700 0# - ENTRADA AGREGADA--NOMBRE PERSONAL
Nombre de persona García Rodríguez, Gonzalo.
9 (RLIN) 55198
830 0# - PUNTO DE ACCESO ADICIONAL DE SERIE-TÍTULO UNIFORME
Título uniforme Anuario de ciencias médicas. Primera serie ;
Designación de volumen o secuencia 3
9 (RLIN) 182797
852 ## - LOCALIZACIÓN
Ubicación ES-MaACL
Número de control de estantería B-11070
Nota libre .- Enc. editorial tela
Holdings
Estatus retirado Estado de pérdida Estado de daño No para préstamo Biblioteca de origen Biblioteca actual Ubicación en estantería Fecha de adquisición Fuente de adquisición Total de préstamos Signatura topográfica completa Código de barras Visto por última vez Precio de reemplazo Tipo de ítem Koha
        Biblioteca del Ateneo de Madrid Biblioteca del Ateneo de Madrid Sala Pardo Bazán 18/04/2017     B-11070 1197402 23/02/2023 23/02/2023 Libro impreso